000 00583cam a2200217 4500
008 090401t1991 xxu||||| |||| 00| 0 eng d
020 _a0091746620
035 _a(Sirsi) u65362
041 _aeng
050 _a650.14
100 _aJones, Alan
245 _aHow to build a successful career. How to stop job-hunting and start career-building
260 _aLondon
_bHutchinson Business Books
_c1991
300 _avii,200p. ; 22cm.
350 _a7.99
650 _aCAREER DEVELOPMENT
650 _aINTERVIEWS
650 _aJOB HUNTING
942 _n0
948 _c04/03/1997
999 _c94755
_d94755